Quizzes
Events
Quiz Creation
Community
Videos
Private Events
Remove Ads
Sign In
Join for FREE
Feedback
Dark Mode
Quiz Categories
Sports
Geography
Music
Movies
Television
Just For Fun
Miscellaneous
History
Literature
Language
Science
Gaming
Entertainment
Religion
Holiday
For Kids
Quiz Lab
Recent
Popular Today
Quiz Kudos Today
Editor Picks
Curator Picks
Quizzes by...
Day
Popularity
Type
Ratings
Length
Year
Community
Subscriptions
Recent Discussions
Orange Saloon
Badges
Playlists
Quests
Create
Leaderboards
Showdown
Live 5
Trivia Bingo
Activity
Puzzle Library
Sporcle Events
Private Events
Virtual Trivia
Globe League
Become a Host
Pub Owners
SporcleCon
Opinionation
Our Games
Videos
Blog
Mobile Apps
Partnerships
Remove Ads and Go Orange
Feedback
Music
Pop Music
The Beatles
Song
Album
Lyrics
Bands
Singers
Artist
Clip
Rock
Rap
Classical
Billboard
Country Music
Kpop
Taylor Swift
Music
Pop Music
The Beatles
Song
Album
Lyrics
Bands
Singers
Artist
Clip
Rock
Rap
Classical
Billboard
Country Music
Kpop
Taylor Swift
Random Quiz
Search Sporcle
×
Quiz Lab
Quiz Lab
Music
Kpop
Select answers by clicking on text or image buttons
Select answers by clicking on text or image buttons
Clickable
Best Score? Go Orange.
Finish the Kpop Song Title: BTS Edition Stats
Can you Name the Kpop Song?
By
zilayvette
15m
50 Questions
8,769 Plays
8,769 Plays
8,769 Plays
Comments
Comments
Give Quiz Kudos
Give Quiz Kudos
-
- Ratings
hide this ad
Forced Order
Answers have to be entered in order
Answers have to be entered in order
Replay
Link that replays current quiz
Next Quiz
Link to next quiz in quiz playlist
You Got
0%
They Got
Avg Score
84%
Avg Friend Score
Upgrade to see
Score Distribution
Jump to the score distribution portion of the page
Score
0/50
Timer
15:00
0
Plays Today
% Correct
Tears
94.2%
Drop
94.2%
U
93.7%
LUV
93.2%
Me
93%
Piper
92.7%
Hormone
92.7%
Day
92.6%
LOVE
92.4%
DAY
92.4%
Today
92.3%
Untold
92.1%
Luv
92%
Dream
91.3%
Pt.2
91.2%
Spoon
91.2%
Me
90.8%
Tight
90.6%
Cards
90.5%
Shop
89.8%
Right
89.4%
World
89%
Me
88.9%
Girl
88%
Go
88%
% Correct
GO
87.8%
Forever
87.7%
O
87.6%
Vu
87%
Breaker
85.7%
Bangtan
85.4%
Leaves
84.1%
Fine
83.9%
High
83.5%
Wrong
80.3%
What
79.7%
52
79.5%
City
79.2%
Snow
78.8%
It
77.7%
Singer
77.3%
Over
75%
Maze
74.6%
Grade
73.9%
From
73.3%
Fun
69.3%
heaven
66.1%
Know
64.2%
Kick
61.6%
Lover
57.5%
Quiz Playlist
Details
Report
Send in Message
Add To Playlist
Clickable:
Select answers by clicking on text or image buttons
Forced Order:
Answers have to be entered in order
Last Updated: May 12, 2019
Quiz Scoreboard
CHALLENGE
Sign Up to Join the Scoreboard
Show All
Scores
Hide
Comments
May contain spoilers
Recently Published
Popular People in 1961
by mucciniale
History
6m
1-10 Letter E Words III
by El_Dandy
Language
2m
One Thing in Common: World Cities II
by knightlancer
Geography
7m
More to Explore
Quiz From the Vault
Featured Blog Post
Where Did the Easter Bunny Come From?
hide this ad
You Might Also Like...
Tags
Kpop Quiz
Song Quiz
BTS
Kpop Quiz
Kpop Songs
Song List
Song Title
Today's Top Quizzes in Music
Browse Music
hide this ad
Today's Top Quizzes in Kpop
Browse Kpop
Top Contributed Quizzes in Music
1
Taylor Swift All Songs (2024)
2
2010s Album by Cover III
3
Taylor Swift Logic Puzzle
4
One Thing in Common: Music
5
Guess the Artist- 70s Songs
6
Guess the Taylor Swift song (Mystery Song)
7
2010s Album by Cover V
8
2010s Album by Cover IV
9
Lana Del Rey Discography (BTD to DYKTTATUOB)
10
KPOP LOGIC QUIZ
Explore More
Trending Topics
Harry Potter
Anime
Kpop
Disney
NBA
Marvel
Crossword
NFL
WWE
Song
The Office
Country
Soccer
Puzzle
Pokémon
hide this ad
More By:
zilayvette
Quiz
Plays
Rating
Category
Featured
Created
Finish the Kpop Song Title
128,048
4.28
Music
Jun 15, 2017
Finish the Kpop Song Title 2
15,488
4.65
Music
Jun 17, 2017
Finish the Kpop Song Title 3
9,202
4.75
Music
Jul 3, 2017
Finish the Kpop Song Title: BTS Edition
8,769
4.87
Music
May 12, 2019
Kpop Logic Puzzle: Kpop Groups
6,560
4.38
Music
Jul 29, 2018
Go to Creator's Profile
Score Distribution
Quiz Creator Spotlight
zilayvette
Follow
Send a Message
Quizzes Created
-
Created Quiz Play Count
-
More By This Creator
Popular Quizzes Today
1
Find the US States - No Outlines Minefield
2
The Countries of the World
3
Find the Countries of Europe - No Outlines Minefield
4
Popular People in 1961
5
1-10 Letter E Words III
6
Find the US States
7
One Thing in Common: World Cities II
8
US States
More Music Quizzes
Guess the BTS songs with the given emojis
Quiz Lab
Trending Quizzes
Risky Map Clicking: Least Populous States A-Z
1-10 Letter F Words
1-10 Letter G Words
One Thing in Common: United Kingdom
Risky Map Clicking: Next State Alphabetically
Recently Updated
Leaping Animals
pecheneg
Reality TV Shows (A-Z)
bhenderson79
Rickey Henderson's Hall of Fame Teammates
pecheneg
Champions League XIs: Arsenal
pecheneg
Quick Pick: Celebrities in WWE's Hall of Fame
aduchscher
A-Z Keypad Blitz II
pecheneg
Multiple Oscar Actors
pecheneg
Mystery Phrase Blitz: Oscar 'Best Actors'
pecheneg
F. Scott Fitzgerald Novels
LTH
Pick 3 Villains
ddd62291
Trending Topics
Marvel
Anime
Kpop
Crossword
Harry Potter
NBA
Disney
Song
Pokémon
Puzzle
Country
NFL
The Office
Soccer
WWE
Your Account Isn't Verified!
In order to create a playlist on Sporcle, you need to verify the email address you used during registration. Go to your
Sporcle Settings
to finish the process.
Report this User
Report this user for behavior that violates our
Community Guidelines
.
Details:
Send Report
Go to the Sporcle.com Mobile Site →
Comments